000 00261nam a22001217a 4500
008 181023b xxu||||| |||| 00| 0 eng d
041 _aeng
080 _a371
100 _a46
101 _aEDU
245 _aEveryone's an Author
_cLunsford, A
942 _2udc
_cBK
999 _c50721
_d50721